TECHNOLÓGIA VÝROBY HLBOKÝCH ZDRUŽENÝCH VALCOVÝCH A KUŽEĽOVÝCH OTVOROV

Bibliographic Details
Main Authors: Vangel, Leopold (Author), Šandora, Jozef, 1937- (Author), Dlesk, Stanislav (Author)
Format: Article
Language:Slovak
ISBN:8088914116

MARC

LEADER 00000naa a2200000uu 4500
001 vtls011052288
003 SK-MaSNL
005 20260302113707.0
008 210910|1999 xo |||||||||||||||||slo|
015 |a SNBRA 
035 |a (urnnbn)urn:nbn:sk:snk:ar-a0bvou 
035 |a (uuid)66535737-a257-4c9b-9dd3-b6b85d69a7a1 
035 |a urn:nbn:sk:snk-aav2g6 
040 |a SNKBUCL  |b slo  |c SNKBUCL  |e AACR2 
041 0 |a slo 
044 |a xo  |c SK 
100 1 |a Vangel, Leopold  |4 aut  |9 794642 
245 1 0 |a TECHNOLÓGIA VÝROBY HLBOKÝCH ZDRUŽENÝCH VALCOVÝCH A KUŽEĽOVÝCH OTVOROV  |c Leopold Vangel, Jozef Šandora, Stanislav Dlesk 
246 3 |a TECHNOLOGY OF PRODUCTION OF DEEP COMBINED CYLINDRICAL AND CONICAL HOLES 
700 1 |a Šandora, Jozef,  |d 1937-  |4 aut  |9 209052 
700 1 |a Dlesk, Stanislav  |4 aut  |9 794643 
773 0 |t Využívanie nových poznatkov v strojárskej praxi  |d Trenčín : Trenčianska univerzita, 1999  |g S. 185-188  |z 8088914116 
958 |a OND 
958 |a article12 
958 |a chapter 
999 |c 1256576  |d 1258506